Statystyki dla Wszyscy prezydenci USA

Kliknij tutaj aby rozwiązać quiz!

Ogólne statystyki

  • Ten quiz został rozwiązany 48 razy
  • Średni wynik to 21 z 46

Statystyki odpowiedzi

Nr.PrezydentLata prezydentury% Poprawnych
45.Donald Trump2017-2021
97%
44.Barack Obama2009-2017
95%
1.Jerzy Waszyngton1789-1797
95%
46.Joe Biden2021-
95%
41.George H. W. Bush1989-1993
90%
43.George W. Bush2001-2009
90%
16.Abraham Lincoln1861-1865†
87%
35.John Kennedy1961-1963†
87%
42.Bill Clinton1993-2001
85%
32.Franklin Delano Roosevelt1933-1945†
82%
26.Theodore Roosevelt1901-1909
79%
40.Ronald Reagan1981-1989
72%
37.Richard Nixon1969-1974
69%
33.Harry Truman1945-1953
56%
34.Dwight Eisenhower1953-1961
54%
39.Jimmy Carter1977-1981
54%
38.Gerald Ford1974-1977
51%
36.Lyndon Johnson1963-1969
44%
28.Woodrow Wilson1913-1921
44%
17.Andrew Johnson1865-1869
41%
3.Thomas Jefferson1801-1809
38%
31.Herbert Hoover1929-1933
36%
2.John Adams1797-1801
36%
6.John Quincy Adams1825-1829
36%
18.Ulysses Grant1869-1877
33%
7.Andrew Jackson1829-1837
31%
23.Benjamin Harrison1889-1893
26%
24.Grover Cleveland1893-1897
26%
22.Grover Cleveland1885-1889
26%
20.James Garfield1881-1881†
26%
9.William Henry Harrison1841-1841†
26%
27.William Taft1909-1913
23%
12.Zachary Taylor1849-1850†
23%
4.James Madison1809-1817
21%
5.James Monroe1817-1825
21%
10.John Tyler1841-1845
21%
8.Martin Van Buren1837-1841
21%
14.Franklin Pierce1853-1857
18%
15.James Buchanan1857-1861
18%
13.Millard Fillmore1850-1853
18%
25.William McKinley1897-1901†
18%
21.Chester Arthur1881-1885
15%
11.James Polk1845-1849
15%
19.Rutherford Hayes1877-1881
15%
29.Warren Harding1921-1923†
15%
30.Calvin Coolidge1923-1929
13%

Rozkład punktacji

Percentyl według liczby udzielonych odpowiedzi

Procent ludzi z każdym wynikiem

Twoja historia wyników

Nie rozwiązałeś tego quizu